| 000 | 00626nam a2200193 4500 | ||
|---|---|---|---|
| 010 | _aENG-139662 | ||
| 020 |
_a9789380831145 _c172.00 |
||
| 035 | _aEN-123194 | ||
| 037 | _bDBAD/PUB | ||
| 082 | _a351.2 | ||
| 100 |
_aAnjaiah,M. _963132 |
||
| 245 |
_aPublic Personal Administration _c/by M Anjaiah |
||
| 250 | _a1 | ||
| 260 |
_aHyderabad _bStudenthelpline Publishing House Pvt. Ltd. _c2011 |
||
| 270 |
_a326/C, Surneni Nilayam, Near B K Guda Park, S.R.Nagar, _bHyderabad _e500038 _mstudentshelpline.in@gmail.com |
||
| 300 |
_aVarious p. _c21cm(PBT) |
||
| 700 | _963009 | ||
| 942 |
_2ddc _cEN _h351.2 _mANJ _e1 |
||
| 999 |
_c201409 _d201409 |
||